The Biblical Canon (Record no. 14990)

MARC details
000 -LEADER
fixed length control field 00639nam a2200241 a 4500
020 ## - INTERNATIONAL STANDARD BOOK NUMBER
ISBN 9781565639256
082 00 - DEWEY DECIMAL CLASSIFICATION NUMBER
Classification number 220.12
Author Cutter MCD
100 ## - MAIN ENTRY--AUTHOR NAME
Author name Mcdonald, Lee Martin
245 ## - TITLE STATEMENT
Title The Biblical Canon
Sub title Its Origin, Transmission, and Authority
260 ## - PUBLICATION, DISTRIBUTION, ETC. (IMPRINT)
Place of publication USA
Name of publisher Hendrickson Pubs
Year of publication 2008
300 ## - PHYSICAL DESCRIPTION
Number of Pages 549p
500 ## - GENERAL NOTE
General note includes index and biblioraphy
505 2# - FORMATTED CONTENTS NOTE
Formatted contents note Bibliography, Index
650 ## - SUBJECT ADDED ENTRY--TOPICAL TERM
Topical Term Canon-Laws
942 ## - ADDED ENTRY ELEMENTS (KOHA)
Koha item type Books
700 1# -
-- Mcdonald, Lee Martin
Holdings
Collection code Home library Current library Date acquired Cost, normal purchase price Full call number Accession Number Koha item type
  Henry Martyn Institute Library Henry Martyn Institute Library 04/13/2010 1045.00 220.12 MCD 023224 Books
                   Copyright © 2026 | Henry Martyn Institute | Hyderabad | TS-500052 | INDIA | Implemented by hmi.edu.in
Hit-Count:

Powered by Koha